[Event "HUN-chT2 Maroczy 1213"]
[Site "Hungary"]
[Date "2012.11.04"]
[Round "3"]
[White "Csorsz, Ferenc"]
[Black "Beres, Bence"]
[Result "1-0"]
[WhiteElo "2022"]
[BlackElo "1829"]
[PlyCount "89"]
[EventDate "2012.09.16"]
[EventType "team-tourn"]
[EventRounds "11"]
[EventCountry "HUN"]
[SourceTitle "EXT 2014"]
[Source "ChessBase"]
[SourceDate "2013.11.20"]
[SourceVersion "1"]
[SourceVersionDate "2013.11.20"]
[SourceQuality "1"]
[WhiteTeam "Kisvarda"]
[BlackTeam "Oroshaza"]
[WhiteTeamCountry "HUN"]
[BlackTeamCountry "HUN"]

1. e4 c5 2. Nc3 Nc6 3. g3 Nf6 4. Bg2 e6 5. d3 Be7 6. f4 d5 7. exd5 exd5 8. Nf3 0-0 9. 0-0 Bg4 10. h3 Bxf3 11. Qxf3 Nd4 12. Qf2 b6 13. Kh2 Qd7 14. a4 Rae8 15. Nb5 Nxb5 16. axb5 Qxb5 17. Rxa7 c4 18. dxc4 dxc4 19. Be3 Bc5 20. Bxc5 bxc5 21. Rb7 Qa5 22. c3 Ne4 23. Qc2 Nd6 24. Rd7 Rd8 25. Rxd8 Qxd8 26. Rd1 Qf6 27. Rd5 Rc8 28. Re5 Qg6 29. Qa4 Kf8 30. Qa7 h5 31. Qe7+ Kg8 32. Qd7 Rb8 33. Rxc5 Rxb2 34. f5 Qf6 35. Rd5 Qxc3 36. Rxd6 Qc2 37. Qc6 Qf2 38. Rd8+ Kh7 39. Qa8 Kh6 40. Qc6+ Kh7 41. Qa8 Kh6 42. Rh8+ Kg5 43. h4+ Kxf5 44. Qd5+ Kg6 45. Qg5# 1-0

[Event "Budapest-chT1 Lilienthal 1112"]
[Site "Budapest"]
[Date "2011.12.11"]
[Round "5"]
[White "Kapuszta, Csaba"]
[Black "Beres, Bence"]
[Result "1/2-1/2"]
[WhiteElo "1717"]
[BlackElo "1856"]
[PlyCount "45"]
[EventDate "2011.10.02"]
[EventType "team-tourn"]
[EventRounds "11"]
[EventCountry "HUN"]
[SourceTitle "EXT 2020"]
[Source "ChessBase"]
[SourceDate "2019.10.17"]
[SourceVersion "1"]
[SourceVersionDate "2019.10.17"]
[SourceQuality "1"]
[WhiteTeam "REAC SISE"]
[BlackTeam "Budapest Vasas II"]
[WhiteTeamCountry "HUN"]
[BlackTeamCountry "HUN"]

1. e4 c5 2. Nf3 Nc6 3. Bc4 Nf6 4. Nc3 d6 5. h3 g6 6. 0-0 Bg7 7. d3 0-0 8. Be3 h6 9. Qd2 Kh7 10. Nh2 Na5 11. Bb3 Nxb3 12. axb3 Bd7 13. f4 Qc8 14. Rf3 b5 15. Ne2 b4 16. c4 a5 17. e5 Ng8 18. d4 Ra6 19. Rd1 Ra7 20. g4 Bc6 21. d5 Bd7 22. exd6 exd6 23. Rdf1 1/2-1/2

[Event "HUN-chT U18"]
[Site "Miskolc"]
[Date "2011.11.03"]
[Round "3.4"]
[White "Beres, Bence"]
[Black "Kokeny, Norbert Adrian"]
[Result "1/2-1/2"]
[WhiteElo "1856"]
[BlackElo "1565"]
[PlyCount "86"]
[EventDate "2011.11.02"]
[EventType "team-swiss"]
[EventRounds "8"]
[EventCountry "HUN"]
[SourceTitle "EXT 2012"]
[Source "ChessBase"]
[SourceDate "2011.11.24"]
[SourceVersion "1"]
[SourceVersionDate "2011.11.24"]
[SourceQuality "1"]
[WhiteTeam "Vasas"]
[BlackTeam "Dunaharaszti"]
[WhiteTeamCountry "HUN"]
[BlackTeamCountry "HUN"]

1. c4 c6 2. d4 d5 3. Nf3 Nf6 4. Nc3 a6 5. e3 Bg4 6. Be2 e6 7. 0-0 b5 8. c5 Nbd7 9. b4 a5 10. bxa5 Rxa5 11. Bd2 Ra7 12. a4 bxa4 13. Rxa4 Qa8 14. Rxa7 Qxa7 15. Qa1 Qc7 16. Qa8+ Ke7 17. Ra1 g6 18. Ra7 Bh6 19. Rxc7 Rxa8 20. Ne5 Bxe2 21. Nxc6+ Kf8 22. Nxe2 Ra2 23. Be1 Rxe2 24. Kf1 Rc2 25. Nd8 Ke8 26. Nb7 Ne4 27. f3 Nd2+ 28. Bxd2 Rxd2 29. Nd6+ Ke7 30. f4 g5 31. Nxf7 Kxf7 32. Rxd7+ Kg6 33. g3 gxf4 34. gxf4 Rxh2 35. c6 Rc2 36. c7 Bg7 37. Re7 Kf6 38. Rd7 h5 39. Kg1 h4 40. Kf1 h3 41. Kg1 Bf8 42. Rd8 Rxc7 43. Rxf8+ Kg6 1/2-1/2

[Event "HUN-chT U18"]
[Site "Miskolc"]
[Date "2010.11.04"]
[Round "4.14"]
[White "Beres, Bence"]
[Black "Remenyi, Szilard"]
[Result "1-0"]
[WhiteElo "1896"]
[BlackElo "1858"]
[PlyCount "93"]
[EventDate "2010.11.02"]
[EventType "team-swiss"]
[EventRounds "8"]
[EventCountry "HUN"]
[SourceTitle "EXT 2016"]
[Source "ChessBase"]
[SourceDate "2015.10.08"]
[SourceVersion "1"]
[SourceVersionDate "2015.10.08"]
[SourceQuality "1"]

1. c4 Nf6 2. Nc3 g6 3. d4 Bg7 4. e4 d6 5. Nf3 0-0 6. Be2 Nbd7 7. 0-0 e5 8. d5 Nc5 9. Bg5 a5 10. Qc2 h6 11. Be3 Ne8 12. Na4 b6 13. a3 Bd7 14. Nxc5 dxc5 15. Qd2 Kh7 16. Ne1 f5 17. f3 Nd6 18. Qc2 f4 19. Bf2 g5 20. g4 fxg3 21. Bxg3 Bh3 22. Rf2 h5 23. Bf1 Bd7 24. h3 h4 25. Bh2 Qc8 26. Nd3 Nf7 27. Qc3 Re8 28. Re2 Bxh3 29. Bxh3 Qxh3 30. Nf2 Qd7 31. Ng4 Qd6 32. Rg2 Rf8 33. Rf1 Rae8 34. Ne3 Bf6 35. Nf5 Qd8 36. Kh1 Nd6 37. Ne3 Nf7 38. Ng4 Qe7 39. f4 gxf4 40. Nxf6+ Qxf6 41. Rxf4 Qe7 42. Rfg4 Rg8 43. Qh3 Rxg4 44. Qxg4 Qf6 45. Qh5+ Nh6 46. Qxe8 h3 47. Qd7+ 1-0

[Event "Budapest-chT1 Lilienthal 1011"]
[Site "Budapest"]
[Date "2010.10.03"]
[Round "2"]
[White "Rabovszky, Gyorgy"]
[Black "Beres, Bence"]
[Result "0-1"]
[WhiteElo "2005"]
[BlackElo "1896"]
[PlyCount "80"]
[EventDate "2010.09.19"]
[EventType "team-tourn"]
[EventRounds "11"]
[EventCountry "HUN"]
[SourceTitle "EXT 2020"]
[Source "ChessBase"]
[SourceDate "2019.10.17"]
[SourceVersion "1"]
[SourceVersionDate "2019.10.17"]
[SourceQuality "1"]
[WhiteTeam "Budapest Honved III"]
[BlackTeam "Budapest Vasas II"]
[WhiteTeamCountry "HUN"]
[BlackTeamCountry "HUN"]

1. e4 c5 2. b4 cxb4 3. d4 d5 4. exd5 Qxd5 5. Nf3 Bg4 6. Be2 Nc6 7. 0-0 g6 8. c4 bxc3 9. Nxc3 Qd8 10. d5 Bxf3 11. gxf3 Ne5 12. Bb5+ Nd7 13. Qd4 Ngf6 14. d6 a6 15. Bxd7+ Qxd7 16. Ba3 Bg7 17. Nd5 Nh5 18. Qe3 0-0 19. Nb6 Qf5 20. dxe7 Rfe8 21. Nxa8 Nf4 22. Kh1 Be5 23. Rae1 Nd3 24. Rg1 Bd4 25. Qxd4 Qxf3+ 26. Rg2 Nxe1 27. Qg4 Qxa3 28. Nc7 Rxe7 29. Nd5 Nxg2 30. Nf6+ Kg7 31. Qd4 Qc1+ 32. Kxg2 Qg5+ 33. Ng4+ f6 34. Kf3 Qf5+ 35. Kg3 Re4 36. Qd1 Rxg4+ 37. Qxg4 Qxg4+ 38. Kxg4 h5+ 39. Kf4 Kf7 40. Ke4 Ke6 0-1